<?xml version="1.0" encoding="UTF-8"?><?xml-stylesheet type="text/xsl" href="static/style.xsl"?><OAI-PMH xmlns="http://www.openarchives.org/OAI/2.0/" xmlns:xsi="http://www.w3.org/2001/XMLSchema-instance" xsi:schemaLocation="http://www.openarchives.org/OAI/2.0/ http://www.openarchives.org/OAI/2.0/OAI-PMH.xsd"><responseDate>2026-04-17T18:51:16Z</responseDate><request verb="GetRecord" identifier="oai:www.recercat.cat:10230/68511" metadataPrefix="marc">https://recercat.cat/oai/request</request><GetRecord><record><header><identifier>oai:recercat.cat:10230/68511</identifier><datestamp>2025-12-25T19:58:39Z</datestamp><setSpec>com_2072_6</setSpec><setSpec>col_2072_452954</setSpec></header><metadata><record xmlns="http://www.loc.gov/MARC21/slim" xmlns:dcterms="http://purl.org/dc/terms/" xmlns:xsi="http://www.w3.org/2001/XMLSchema-instance" xmlns:doc="http://www.lyncode.com/xoai" xsi:schemaLocation="http://www.loc.gov/MARC21/slim http://www.loc.gov/standards/marcxml/schema/MARC21slim.xsd">
   <leader>00925njm 22002777a 4500</leader>
   <datafield ind2=" " ind1=" " tag="042">
      <subfield code="a">dc</subfield>
   </datafield>
   <datafield ind2=" " ind1=" " tag="720">
      <subfield code="a">Niño Sánchez, Paula</subfield>
      <subfield code="e">author</subfield>
   </datafield>
   <datafield ind2=" " ind1=" " tag="260">
      <subfield code="c">2024-11-13T12:11:17Z</subfield>
   </datafield>
   <datafield ind2=" " ind1=" " tag="260">
      <subfield code="c">2024-11-13T12:11:17Z</subfield>
   </datafield>
   <datafield ind2=" " ind1=" " tag="260">
      <subfield code="c">2024</subfield>
   </datafield>
   <datafield ind2=" " ind1=" " tag="520">
      <subfield code="a">Treball guanyador del segon premi del 2024 en Benestar Planetari convocat conjuntament per la UPF, la UPF-BSM i la càtedra UNESCO de Cicle de Vida i Canvi Climàtic ESCI-UPF, al millors treballs de fi de grau (TFG) sobre temes de Benestar Planetari.</subfield>
   </datafield>
   <datafield ind2=" " ind1=" " tag="520">
      <subfield code="a">Bachelor&amp;apos;s degree in Global Studies. Curs 2023-2024</subfield>
   </datafield>
   <datafield ind2=" " ind1=" " tag="520">
      <subfield code="a">Tutor: Xavier Ferrer Gallardo</subfield>
   </datafield>
   <datafield ind2=" " ind1=" " tag="520">
      <subfield code="a">The recently published Critical Raw Materials Act as a regulation of the European Union fails to safeguard the land rights of Sami Reindeer Herders since it does not provide for enforcing mechanisms to ensure their participation as stakeholders within the negotiation of permit concession for new mining projects. The Critical Raw Materials Act pushes for a significant reduction in the period for permit obtention to initiate new mining projects when these are considered strategic. This regulation is part of the European Green Deal linked to the Twin Transitions (green and digital) towards a more sustainable European Union. These Twin Transitions require the securitisation and increased availability of certain materials labelled as Critical Raw Materials; thus, the regulation aims to increase the domestic extraction and processing of these materials. The competition for land use between the Swedish State and Sami Reindeer Herders has been on the rise for a long time through an unequal balancing of powers, leading to colonising processes by the Swedish State. Through the approval of the Critical Raw Materials Act, continued oppression towards the marginalised community is enacted, understood as modern coloniality. However, the incorporation of the European Union as a legislator on the issue opens the door for further debate on its role in the protection of Indigenous Rights, as a supranational legislator with direct effects on domestic grounds.</subfield>
   </datafield>
   <datafield tag="653" ind2=" " ind1=" ">
      <subfield code="a">Treball de fi de grau – Curs 2023-2024</subfield>
   </datafield>
   <datafield tag="653" ind2=" " ind1=" ">
      <subfield code="a">Sami reindeer herders</subfield>
   </datafield>
   <datafield tag="653" ind2=" " ind1=" ">
      <subfield code="a">Land rights</subfield>
   </datafield>
   <datafield tag="653" ind2=" " ind1=" ">
      <subfield code="a">Twin transitions</subfield>
   </datafield>
   <datafield tag="653" ind2=" " ind1=" ">
      <subfield code="a">Critical raw materials</subfield>
   </datafield>
   <datafield tag="653" ind2=" " ind1=" ">
      <subfield code="a">European Union</subfield>
   </datafield>
   <datafield tag="653" ind2=" " ind1=" ">
      <subfield code="a">Sweden</subfield>
   </datafield>
   <datafield ind2="0" ind1="0" tag="245">
      <subfield code="a">The UN’s sustainable development goal 16 in Sweden: the European Union’s twin transitions’ Impacts on Sami reindeer herders’ land rights</subfield>
   </datafield>
</record></metadata></record></GetRecord></OAI-PMH>